| 000 | 01333nam a22003737a 4500 | ||
|---|---|---|---|
| 003 | CHAP | ||
| 005 | 20220329140601.0 | ||
| 008 | 971013s1979 r 00010 d | ||
| 010 | _a54286 | ||
| 011 | _a55258 | ||
| 035 | _a59410 | ||
| 040 | _cCHAP | ||
| 090 | _aTesis | ||
| 100 | 0 | 0 |
_aSánchez Vega, Isidoro. _9107900 |
| 245 | _aEstudio biosistemático de Eragrostis mexicana (Hornem) Link, E. neomexicana Vasey, E. orcuttiana Vasey y E. virescens Presi: gramineae | ||
| 260 |
_aChapingo, Méx. : _bEl autor, _c1979 |
||
| 300 |
_a69 h. _b: gráfs. ; mapas |
||
| 500 | _ac.4 en bodega | ||
| 502 | _aTesis (M.C. Esp. en Botánica) -- Colegio de Posgraduados. Rama de Botánica | ||
| 590 |
_aALEPH _b10 _c20130110 _lUCH01 _h1331 |
||
| 590 |
_aBATCH-UPD _b10 _c20130110 _lUCH01 _h0242 |
||
| 590 |
_aBATCH-UPD _b10 _c20130110 _lUCH01 _h2324 |
||
| 590 |
_aBATCH-UPD _b10 _c20130409 _lUCH01 _h2309 |
||
| 590 |
_aBATCH-UPD _b10 _c20130410 _lUCH01 _h1614 |
||
| 590 |
_aBATCH-UPD _b10 _c20130914 _lUCH01 _h1314 |
||
| 590 |
_aCONVERSION _b10 _c20130109 _lUCH01 _h1329 |
||
| 650 | 1 | 4 |
_aEragrostis. _937270 |
| 650 | 1 | 4 |
_aPastos _xFisiología y morfología. _986034 |
| 901 | _aBK | ||
| 942 | _cFOLL | ||
| 949 |
_bBC _cTES _d-128444 _eTS1 _i59410 _si |
||
| 949 |
_bBC _cTES _d-128445 _eTS2 _fc.2 _i59410 _si |
||
| 949 |
_bBC _cTES _d-128447 _eTS2 _fc.3 _i59410 _si |
||
| 999 |
_c54286 _d54286 |
||